000 00535nam a2200205 a 4500
001 11167
003 CO-ViMGA
008 141112s2004 ck r 000 u spa d
020 _a8425326249
040 _aCO-ViMGA
_bspa
_cCO-ViMGA
082 0 4 _a920 W35c
100 1 _aWelles Orson, Bogdanovich Peter
_915519
245 1 0 _aCiudadano Welles
250 _a1
260 _aBarcelona,
_cGrijalbo Mondadori,
_c1994
300 _a553 p.
490 _acolección hajas, nuevas mayor
650 1 4 _aAUTOBIOGRAFIAS
_915520
942 _2ddc
_cBK
999 _c22380
_d22380